000 00836nam a2200253Ia 4500
003 GCL
008 140319s9999 xx 000 0 ara d
040 _aGCL /
_cGCL
082 0 4 _a953
_bل ق
100 1 _aاحمد محمد عيسى
245 1 0 _aالقوى البحرية والتجارية فى حوض البحر المتوسط /
_cاحمد محمد عيسى
700 1 _aمحمد شفيق غبريال (مراجع)
700 1 _aلويس، ارشيبالد0ر0
260 _a[S.N] :
_bمكتبة النهضة المصرية
300 _a432 ص
490 _a
650 0 4 _aالعالم العربى
650 0 4 _aتاريخ
650 0 4 _aالبحرية
650 0 4 _aالبحر الابيض المتوسط
650 0 4 _aالتجارة البحرية
650 0 4 _aالمعارك البحرية
942 _2ddc
_cBK
999 _c30817
_d30817